000 00669nam a2200205 i 4500
001 189349
003 SpMaBN
005 20230906223443.0
008 190524s1973 it |||| | ita d
080 _a821.131.1-31"19"
100 1 _aTomasi Di Lampedusa, Giuseppe.
_9110537
245 1 3 _aIl gattopardo /
_cGiuseppe Tomasi di Lampedusa ; edizione conforme al manoscritto del 1957.
250 _a20ยช ed. nell' Universale economica.
260 _aMilano :
_bFeltrinelli,
_c1973.
300 _a188 p. ;
_c18 cm.
490 1 _aUniversale economica ;
_v416
830 0 _aUniversale economica ;
_v416
_9225814
852 _aES-MaACL
_jL-32348
999 _c189349
_d189349